Medallero de los Juegos Olímpicos - Saltos - Estadísticas

Estadísticas generales
  • Esta prueba ha sido intentada 13 veces
  • La puntuación promedio es 13 de 14
Estadísticas de respuestas
Total Oro Plata Bronce País % Correcto
81 47 24 10 China
100%
141 49 46 46 Estados Unidos
100%
22 2 8 12 Alemania
92%
7 2 2 3 Alemania Oriental
92%
14 1 5 8 Canadá
92%
4 3 1 0 Equipo Alemán Unificado
92%
11 3 5 3 Italia
92%
13 2 3 8 Reino Unido
92%
18 4 8 6 Rusia
92%
14 3 3 8 Australia
83%
3 0 2 1 Equipo Unificado
83%
15 1 7 7 México
83%
14 4 4 6 Unión Soviética
83%
21 6 8 7 Suecia
75%
No se encontraron pruebas coincidentes
Distribución de puntuación
Porcentaje de gente con cada puntuación
Porcentaje por número respondido
Historial de tus puntuaciones
No has intentado esta prueba.